1840 1303 1615 1145 1777 1745 1130 1794 1211 1030 1651 1672 1436 1347 1022 1055 1654 1010 1058 1732 1227 1887 1320 1675 1892 1235 1060 1964 1111 1774 1867 1997 1188 1789 1162 1082 1998 1748 1648 1851 1126 1082 1994 1683 1356 1238 1286 1743 1241 1722 1052 1794 1772 1368 1964 1960 1304 1276 1087 1402 1415 1666 1875 1176 1940 1521 1701 1041 1856 1894 1628 1909 1896 1230 1143 1427 1271 1260 1502 1263 1333 1433 1098 1508 1885 1773 1253 1445 1866 1132 1306 1567 1652 1725 1262 1595 1772 1630 1502 BCNSPRNW ULIB Ver.6.0+V

เปลี่ยนเป็นภาษาไทย

Change to English
 แสดงรายละเอียดบรรณานุกรม
  กลับหน้าหลัก

Brief Record : Get Marc (ISO 2709) : E-mail record : QR code < ปิดหน้าต่าง
LEADER : 00000nam 2200000uu 4500
001    13399112214
003     ULIB
008    110627s2553||||th 000 0 tha d
060  4 WY18^bส143ก 2553
100 0  ส่งศรี กิตติรักษ์ตระกูล
245 00 การวิเคราะห์สถานการณ์อัตรากำลังคนและเส้นทางสู่ความสำเร็จในการผลิตและพัฒนาพยาบาลวิชาชีพของกระทรวงสาธารณสุข/^cส่งศรี กิตติรักษ์ตระกูล
260    นนทบุรี :^bสถาบันพระบรมรชชนก สำนักงานปลัดกระทรวงสาธารณสุข,^c2553
300    278 หน้า
650  7 อัตรากำลังคน^xพยาบาล^xวิจัย
945    ^p0^l0^i029209
995    ทศพร
999 ^a ใช้งานได้ทุกระบบ
รายการนี้ยังไม่มีแท็ก
คุณยังไม่ได้ล็อกอิน คุณสามารถมีกิจกรรมร่วมกับเว็บไซต์ได้ แต่ต้องล็อกอินก่อน ::
  ล็อกอิน

รายการสื่อสารสนเทศ

ลำดับที่ ประเภท เลขเรียก/บาร์โค้ด สถานที่ สถานะ
- ไม่พบข้อมูล -

รายการใกล้เคียง
    ผู้แต่ง [ส่งศรี กิตติรักษ์ตระกูล]

BibComment


ยังไม่เคยถูกคอมเมนท์

คอมเมนท์ทรัพยากรรายการนี้
  คอมเมนท์: การวิเคราะห์สถานก..


 Copyright 2026. Bcnsprnw @Library